Robert's General Knowledge Quiz - Statistics

General Stats
  • This quiz has been taken 16 times
  • The average score is 6 of 12
Answer Stats
Hint Answer % Correct
The holiest place in Islam Mecca
100%
What Ronald Reagan was before going into politics Actor
81%
Entomology is the study of Insects
69%
Highest building in the world Burj Khalifa
63%
Alfred Nobel is credited with inventing this Dynamite
63%
Basketball player with the most points scored ever Lebron James
56%
Only country with more horses than people Mongolia
56%
Capital of Azerbaijan Baku
50%
P in OPEC stands for Petroleum
44%
City where above building is Kuala Lumpur
19%
I am "Jorking my __" (not peanits) it
0%
Second highest building in the world Merdeka 118
0%
No matching quizzes found
Score Distribution
Percent of People with Each Score
Percentile by Number Answered
Your Score History
You have not taken this quiz